La guía del ecoturismo o cómo conservar la naturaleza a través del turismo

Saved in:
書目詳細資料
主要作者: Pérez de las Heras, Mónica (Author)
格式: 圖書
語言:西班牙语
出版: Madrid Mundi Prensa 2003
版:2a. ed
主題:
標簽: 添加標簽
沒有標簽, 成為第一個標記此記錄!

MARC

LEADER 00000nam a2200000 a 4500
001 UCI6245
003 CL-VaPUC
008 080425e20030000SP |||||||||||||||||spa|d
020 |a 8484761096 
082 0 4 |a 338.4791  |b PER  |2 21 
100 0 |a Pérez de las Heras, Mónica  |e author  |9 528976 
245 1 3 |a La guía del ecoturismo o cómo conservar la naturaleza a través del turismo 
250 |a 2a. ed 
300 |a 290 p 
942 |c BK 
945 |d 20080425 00:00:00  |a jtorresc 
260 |a Madrid  |b Mundi Prensa  |c 2003 
650 0 |a Turismo  |9 308920 
650 0 |a Ecoturismo  |9 427332 
650 0 |a Ecología   |9 258124 
650 0 |a Medio ambiente  |9 257625 
650 0 |a Conservación del medio ambiente  |9 340695 
583 |a last modification  |c 20080425 00:00:00  |k Rodrigo Vera 
999 |c 329773  |d 329771 
952 |0 0  |1 0  |4 0  |6 338_479100000000000_PER_2003  |7 0  |8 A  |9 414842  |a BIBING  |b BIBING  |d 2019-11-22  |i 4658736  |o 338.4791 PER 2003  |p 4658736  |r 2025-01-20  |w 2019-11-22  |y BK  |k GEO